[Event "BEL-ch op"]
[Site "Antwerp"]
[Date "2013.07.14"]
[Round "9"]
[White "Jacobs, Paul"]
[Black "Verbruggen, Samuel"]
[Result "0-1"]
[WhiteElo "1618"]
[BlackElo "1916"]
[PlyCount "40"]
[EventDate "2013.07.06"]
[EventType "swiss"]
[EventRounds "9"]
[EventCountry "BEL"]
[SourceTitle "CBM 155 Extra"]
[Source "ChessBase"]
[SourceDate "2013.08.26"]
[SourceVersion "1"]
[SourceVersionDate "2013.08.26"]
[SourceQuality "1"]

1. d4 Nf6 2. c4 e6 3. a3 c5 4. e3 b6 5. Nf3 Ba6 6. Be2 Be7 7. Nc3 cxd4 8. exd4 0-0 9. 0-0 d5 10. cxd5 Bxe2 11. Qxe2 Nxd5 12. Re1 Nc6 13. Bd2 Bf6 14. Qe4 Nce7 15. Ne5 Nxc3 16. Bxc3 Nd5 17. Bd2 Rc8 18. Rac1 Rc7 19. Ng4 Rxc1 20. Nxf6+ Nxf6 0-1

[Event "Brasschaat op 04th"]
[Site "Brasschaat"]
[Date "2004.08.24"]
[Round "4"]
[White "Hajenius, Willem"]
[Black "Jacobs, Paul"]
[Result "1-0"]
[WhiteElo "2032"]
[BlackElo "1719"]
[PlyCount "49"]
[EventDate "2004.08.21"]
[EventType "swiss"]
[EventRounds "9"]
[EventCountry "BEL"]
[SourceTitle "EXT 2017"]
[Source "ChessBase"]
[SourceDate "2016.10.25"]
[SourceVersion "1"]
[SourceVersionDate "2016.10.25"]
[SourceQuality "1"]

1. d4 d5 2. c4 e6 3. Nc3 Nf6 4. Nf3 c5 5. e3 Nc6 6. a3 a6 7. cxd5 exd5 8. dxc5 Bxc5 9. b4 Bd6 10. Bb2 0-0 11. Be2 Be6 12. 0-0 Qc7 13. Rc1 b5 14. Nxb5 axb5 15. Bxb5 Bd7 16. Bxc6 Bxc6 17. b5 Qd7 18. Rxc6 Ne4 19. a4 Rfd8 20. Qd4 f6 21. Qxd5+ Kh8 22. Qc4 f5 23. g3 Nc5 24. Ra1 Nb7 25. Qh4 1-0

[Event "Brasschaat op 03rd"]
[Site "Brasschaat"]
[Date "2003.08.24"]
[Round "2"]
[White "Beeckmans, Peter"]
[Black "Jacobs, Paul"]
[Result "0-1"]
[WhiteElo "1489"]
[BlackElo "1775"]
[PlyCount "66"]
[EventDate "2003.08.24"]
[EventType "swiss"]
[EventRounds "9"]
[EventCountry "BEL"]
[SourceTitle "EXT 2017"]
[Source "ChessBase"]
[SourceDate "2016.10.25"]
[SourceVersion "1"]
[SourceVersionDate "2016.10.25"]
[SourceQuality "1"]

1. c4 Nf6 2. Nc3 e5 3. Nf3 d6 4. d4 exd4 5. Nxd4 Be7 6. e3 0-0 7. Be2 c5 8. Nc2 Nc6 9. a4 Be6 10. Nd5 Bxd5 11. cxd5 Ne5 12. 0-0 Qd7 13. f4 Ng6 14. b4 Rfc8 15. Rb1 Qf5 16. Bb2 b6 17. Bxf6 Qxf6 18. Bb5 Rc7 19. Bc6 Rd8 20. b5 Qf5 21. Qe2 Qe4 22. f5 Ne5 23. Rf4 Qd3 24. Qf2 Bg5 25. Rc1 f6 26. Ra1 Nxc6 27. bxc6 Qxd5 28. Qe2 Qxc6 29. Rg4 Qe8 30. Re1 Re7 31. e4 Qc6 32. Qc4+ d5 33. Nd4 Qd6 0-1

[Event "Brasschaat op 01st"]
[Site "Brasschaat"]
[Date "2001.08.23"]
[Round "5"]
[White "Jacobs, Paul"]
[Black "Smet, Lievin"]
[Result "0-1"]
[WhiteElo "1692"]
[BlackElo "1808"]
[PlyCount "48"]
[EventDate "2001.08.19"]
[EventType "swiss"]
[EventRounds "7"]
[EventCountry "BEL"]
[SourceTitle "EXT 2017"]
[Source "ChessBase"]
[SourceDate "2016.10.25"]
[SourceVersion "1"]
[SourceVersionDate "2016.10.25"]
[SourceQuality "1"]

1. d4 f5 2. Nf3 Nf6 3. Nc3 e6 4. a3 Be7 5. e3 d5 6. Be2 0-0 7. 0-0 Nbd7 8. Na2 Ne4 9. c4 c6 10. Nc3 Ndf6 11. cxd5 exd5 12. Ne5 Bd6 13. Nxe4 Nxe4 14. f4 Rf6 15. Bh5 Bxe5 16. fxe5 Rh6 17. Rf4 g5 18. Rf1 g4 19. Bxg4 fxg4 20. g3 Qg5 21. Qe2 Be6 22. Bd2 Qh5 23. Qg2 Ng5 24. Rae1 Nf3+ 0-1

[Event "Brasschaat op 01st"]
[Site "Brasschaat"]
[Date "2001.08.20"]
[Round "2"]
[White "Jacobs, Paul"]
[Black "Ganses, Monique"]
[Result "1-0"]
[WhiteElo "1692"]
[BlackElo "1415"]
[PlyCount "89"]
[EventDate "2001.08.19"]
[EventType "swiss"]
[EventRounds "7"]
[EventCountry "BEL"]
[SourceTitle "EXT 2017"]
[Source "ChessBase"]
[SourceDate "2016.10.25"]
[SourceVersion "1"]
[SourceVersionDate "2016.10.25"]
[SourceQuality "1"]

1. d4 e6 2. e4 d6 3. Nf3 Be7 4. Bd3 Nf6 5. Bf4 b6 6. Nc3 Ba6 7. 0-0 Bxd3 8. cxd3 0-0 9. Qc2 Nc6 10. Rad1 Nh5 11. Be3 e5 12. dxe5 Nxe5 13. Nxe5 dxe5 14. Nd5 Bd6 15. d4 Nf4 16. dxe5 Nxg2 17. exd6 Nxe3 18. Nxe3 Qg5+ 19. Kh1 cxd6 20. Rd5 Qf6 21. Rf5 Qh6 22. Rg1 Rac8 23. Qe2 Qe6 24. Nd5 f6 25. f3 Kh8 26. b3 g6 27. Nf4 Qf7 28. Rd5 g5 29. Nh3 Qe6 30. Nf2 Rg8 31. Ng4 h5 32. Nxf6 Qxf6 33. Rf5 Qh6 34. Qb2+ Qg7 35. Qxg7+ Rxg7 36. Rfxg5 Rxg5 37. Rxg5 Rc1+ 38. Rg1 Rxg1+ 39. Kxg1 Kg7 40. Kf2 Kf6 41. Ke3 Kg5 42. f4+ Kg4 43. f5 Kg5 44. Kd4 Kf6 45. Kd5 1-0